| 000 | 00700nam a22002297a 4500 | ||
|---|---|---|---|
| 003 | BD-DhJNU | ||
| 005 | 20250206103331.0 | ||
| 008 | 250206b |||||||| |||| 00| 0 eng d | ||
| 020 | _a9780205745371 | ||
| 020 | _a9780205745377 | ||
| 040 |
_aBD-DhJNU _bENG _cBD-DhJNU _dBD-DhJNU |
||
| 082 |
_223 _a363.700973 KRE |
||
| 100 | _aKraft, Michael E. | ||
| 245 |
_aEnvironmental policy and politics / _cMichael E. Kraft |
||
| 250 | _a05th ed | ||
| 260 |
_aNew York : _bPearson, _c2011. |
||
| 300 |
_axxiii, 391p. : _bill. ; _c24 cm. |
||
| 504 | _aIncludes bibliographical references and index | ||
| 650 | _aEnvironmental policy United States | ||
| 650 | _vPolitics and government | ||
| 942 |
_2ddc _cBK _n0 |
||
| 999 |
_c1263 _d1263 |
||